Koľko dlhov unesie Amerika?

Rekordný rozpočtový deficit USA. Podľa odhadov Bieleho domu sa rozpočtový deficit v tomto fiškálnom roku 2003 priblíži k pol biliónu dolárov. Hodnotenie predchádzajúcich období federálneho rozpočtu USA. Vyhlásenia politikov, ekonómov a prezidenta G. Busha.

Salvato in:
Dettagli Bibliografici
Autore principale: Tirpák, Marcel
Natura: Capitolo di libro
Lingua:slovacco
Soggetti:
Tags: Aggiungi Tag
Nessun Tag, puoi essere il primo ad aggiungerne!!

MARC

LEADER 00000naa$a2200000$$$4500
001 0002192
005 20230908083507.8
041 0 |a slo 
044 |a SK 
245 1 0 |a Koľko dlhov unesie Amerika?  |c aut. Marcel Tirpák 
520 |a Rekordný rozpočtový deficit USA. Podľa odhadov Bieleho domu sa rozpočtový deficit v tomto fiškálnom roku 2003 priblíži k pol biliónu dolárov. Hodnotenie predchádzajúcich období federálneho rozpočtu USA. Vyhlásenia politikov, ekonómov a prezidenta G. Busha. 
610 2 0 |a rozpočet štátny 
610 2 0 |a USA 
610 2 0 |a deficit rozpočtový 
610 2 0 |a dlhy štátne 
100 1 |a Tirpák, Marcel